Jusqu'où irez vous ? #37 (Complétez les noms des Acteurs) - Statistiques

Statistiques générales
  • Ce quiz a été pris 128 fois
  • Le résultat moyen est 36 sur 100
Statistiques - réponses
Hint Réponse % Correct
Marlon Bran_ _ do
100%
Al Paci_ _ no
100%
Robert De Ni_ _ ro
100%
Jack Nichols_ _ on
98%
Tom Han_ _ ks
95%
Dustin Hoffm_ _ an
90%
Morgan Freem_ _ an
89%
Clint Eastwo_ _ od
89%
Christian Ba_ _ le
85%
Leonardo DiCapr_ _ io
84%
Anthony Hopki_ _ ns
84%
John Way_ _ ne
80%
Brad Pi_ _ tt
80%
Paul Newm_ _ an
79%
Kirk Dougl_ _ as
79%
Denzel Washingt_ _ on
79%
Johnny De_ _ pp
79%
Sean Pe_ _ nn
73%
Robin Willia_ _ ms
71%
Christoph Wal_ _ tz
51%
Heath Ledg_ _ er
49%
Sean Conne_ _ ry
48%
Gary Oldm_ _ an
46%
Kevin Spac_ _ ey
46%
Bruce Will_ _ is
46%
Joaquin Phoen_ _ ix
46%
Liam Nees_ _ on
46%
Edward Nort_ _ on
46%
Robert Redfo_ _ rd
46%
Harrison Fo_ _ rd
46%
Tom Crui_ _ se
46%
Tommy Lee Jon_ _ es
44%
Samuel L. Jacks_ _ on
44%
Matt Dam_ _ on
44%
George Cloon_ _ ey
42%
Bill Murr_ _ ay
32%
Joe Pes_ _ ci
32%
Christopher Walk_ _ en
32%
Steve McQue_ _ en
32%
Woody All_ _ en
32%
Kevin Costn_ _ er
32%
Jim Carr_ _ ey
32%
Charles Chapl_ _ in
32%
Mel Gibs_ _ on
32%
Mark Wahlbe_ _ rg
32%
Humphrey Boga_ _ rt
32%
John Travol_ _ ta
32%
Will Smi_ _ th
32%
Javier Bard_ _ em
31%
Jeff Bridg_ _ es
30%
Nicolas Ca_ _ ge
30%
Gregory Pe_ _ ck
25%
Ralph Fienn_ _ es
25%
Sylvester Stallo_ _ ne
23%
Tim Robbi_ _ ns
23%
Henry Fon_ _ da
22%
Arnold Schwarzenegg_ _ er
22%
Robert Duva_ _ ll
22%
Kevin Bac_ _ on
22%
Russell Cro_ _ we
22%
Patrick Sway_ _ ze
22%
James De_ _ an
21%
Michael Dougl_ _ as
21%
Harvey Keit_ _ el
21%
Viggo Mortens_ _ en
21%
Robert Down_ _ Jr. ey
21%
Cary Gra_ _ nt
21%
Gene Hackm_ _ an
20%
Daniel Day-Lew_ _ is
20%
Orson Well_ _ es
19%
Benicio Del To_ _ ro
19%
Ed Harr_ _ is
16%
Willem Daf_ _ oe
16%
Charlton Hest_ _ on
16%
James Stewa_ _ rt
16%
Burt Lancast_ _ er
15%
Steve Mart_ _ in
15%
Philip Seymour Hoffm_ _ an
13%
Christopher L_ _ ee
13%
Gene Wild_ _ er
13%
Gary Coop_ _ er
13%
Sidney Poiti_ _ er
13%
Peter O'Too_ _ le
13%
Hugo Weavi_ _ ng
13%
Richard Burt_ _ on
13%
Peter Selle_ _ rs
13%
Alec Guinne_ _ ss
13%
James Cagn_ _ ey
9%
Charles Laught_ _ on
9%
George C. Sco_ _ tt
8%
Christopher Plumm_ _ er
7%
Geoffrey Ru_ _ sh
7%
James Ca_ _ an
5%
Spencer Tra_ _ cy
5%
Ian McKell_ _ en
5%
Ben Kingsl_ _ ey
5%
Montgomery Cli_ _ ft
5%
Jon Voig_ _ ht
5%
Clark Gab_ _ le
5%
Jack Lemm_ _ on
5%
Aucun quiz correspondant
Distribution des résultats
% des personnes avec chaque résultat
Percentile par nombre de réponses
Votre historique - résultats
Vous n’avez pas pris ce quiz